| 000 | 00506nam a2200157Ia 4500 | ||
|---|---|---|---|
| 008 | 230907s9999||||xx |||||||||||||| ||und|| | ||
| 082 |
_a620 _bTAN |
||
| 100 |
_aTanzeela Yousaf (00000273763) _9116725 |
||
| 245 | 0 | _aCompositional Engineering of Perovskite Absorber Material to Enhance the Stability of PSCs / | |
| 260 |
_aUSPCAS-E, NUST, _bIslamabad : _c2022 |
||
| 300 | _axvi, 81 p. | ||
| 520 | _aTH-394 | ||
| 650 | _aMS-ESE Thesis MS Thesis | ||
| 700 |
_aDr. Nadia Shahzad _9117122 |
||
| 942 |
_cTHE _2ddc |
||
| 999 |
_c602072 _d602072 |
||